Plan para inspección y control de la seguridad en las principales actividades en la Construcción de Viviendas de Mampostería
Gardado en:
| Autor Principal: | |
|---|---|
| Formato: | Libro |
| Publicado: |
[San José, Costa Rica]
2008
|
| Materias: | |
| Etiquetas: |
Engadir etiqueta
Sen Etiquetas, Sexa o primeiro en etiquetar este rexistro!
|
MARC
| LEADER | 00000nam a2200000Ia 4500 | ||
|---|---|---|---|
| 003 | 001284 | ||
| 005 | 20221231144052.0 | ||
| 008 | 140114s2008 cr a 000 ||s d | ||
| 040 | |c cru CEDI | ||
| 090 | |a TFG 5807 | ||
| 100 | |a Coronado Hernández, Karla Patricia |9 3965 | ||
| 245 | |a Plan para inspección y control de la seguridad en las principales actividades en la Construcción de Viviendas de Mampostería | ||
| 260 | |c 2008 |b [San José, Costa Rica] | ||
| 300 | |a xiv, 102, [32] hojas; ilustraciones a color | ||
| 500 | |a Proyecto (licenciatura en ingeniería civil)--Universidad de Costa Rica. Facultad de Ingeniería. Escuela de Ingeniería Civil | ||
| 650 | |x VIVIENDA |x MAMPOSTERIA |x CONSTRUCCION |x MEDIDAS DE SEGURIDAD |x COSTA RICA |x SEGURIDAD OCUPACIONAL |x CONTROL SOCIAL |x ACCIDENTES DE TRABAJO |x PREVENCION |x INDUSTRIA DE LA CONSTRUCCION |9 3966 | ||
| 942 | |c TFG | ||
| 999 | |c 16428 |d 16428 | ||
